Statistics for Georgetown Basketball: Top 10 All-Time Leaders

Click here to take the quiz!

General Stats

  • This quiz has been taken 25 times
    (0 since last reset)
  • The average score is 0 of 90

Answer Stats

Category#PlayerAmount% Correct
Points Per Game1Allen Iverson23.0
0%
Steals4Allen Iverson213
0%
Field Goal Percent4Alonzo Mourning56.6%
0%
Points4Alonzo Mourning2,001
0%
Blocks2Alonzo Mourning453
0%
Points Per Game6Alonzo Mourning16.7
0%
Rebounds2Alonzo Mourning1,032
0%
Three Pointers Made10Ashanti Cook157
0%
Points8Austin Freeman1,761
0%
Field Goal Percent8Austin Freeman49.8%
0%
Three Pointers Made5Austin Freeman187
0%
Games2Bill Martin142
0%
Steals10Charles Smith183
0%
Field Goal Percent9Charlie Adrion49.6%
0%
Points Per Game7Charlie Adrion16.3
0%
Assists6Chris Wright442
0%
Field Goal Percent3Craig Shelton59.1%
0%
StealsT5David Wingate205
0%
Assists10David Wingate364
0%
Games3David Wingate139
0%
Points7David Wingate1,781
0%
Rebounds9Dikembe Mutombo823
0%
Blocks3Dikembe Mutombo354
0%
Points5D'Vauntes Smith-Rivera1,919
0%
Assists8D'Vauntes Smith-Rivera386
0%
Three Pointers Made1D'Vauntes Smith-Rivera250
0%
Steals9Dwayne Bryant187
0%
Assists5Dwayne Bryant527
0%
Steals7Fred Brown198
0%
Assists7Fred Brown390
0%
Steals8Gene Smith191
0%
Three Pointers MadeT8Gerald Riley165
0%
GamesT8Horace Broadnax134
0%
Blocks8Jahidi White152
0%
Three Pointers Made3Jahvon Blair210
0%
Blocks9Jameel Watkins150
0%
Three Pointers Made7Jamorko Pickett174
0%
Three Pointers Made6Jason Clark183
0%
Rebounds7Jessie Govan843
0%
Field Goal Percent7Jessie Govan50.1%
0%
Games7Jessie Sapp135
0%
Points Per Game4Jim Barry17.3
0%
Points Per Game10Jim Christy15.5
0%
Points Per Game9Joe Missett15.5
0%
Steals3Joey Brown236
0%
Assists2Joey Brown677
0%
Assists4John Duren583
0%
GamesT5Jonathan Wallace136
0%
Assists9Jonathan Wallace378
0%
Three Pointers Made2Jonathan Wallace240
0%
Assists1Kevin Braswell695
0%
Steals1Kevin Braswell349
0%
Three Pointers Made4Kevin Braswell189
0%
Points10Kevin Braswell1,735
0%
Three Pointers MadeT8Markel Starks165
0%
Rebounds6Merlin Wilson879
0%
Assists3Michael Jackson671
0%
Blocks10Mikael Hopkins148
0%
Rebounds8Mike Laughna831
0%
Points Per Game8Mike Laughna16.0
0%
Points Per Game2Mike Sweetney18.2
0%
Points9Mike Sweetney1,750
0%
Blocks7Mike Sweetney180
0%
Rebounds4Mike Sweetney887
0%
Field Goal Percent6Mike Sweetney54.4%
0%
Points6Othella Harrington1,839
0%
Blocks6Othella Harrington201
0%
Rebounds3Othella Harrington983
0%
Field Goal Percent5Othella Harrington56.1%
0%
Rebounds1Patrick Ewing1,316
0%
Field Goal Percent1Patrick Ewing62.0%
0%
Games1Patrick Ewing143
0%
Points2Patrick Ewing2,184
0%
Blocks1Patrick Ewing480
0%
Games10Perry McDonald133
0%
GamesT8Ralph Dalton134
0%
Games4Reggie Williams138
0%
StealsT5Reggie Williams205
0%
Rebounds5Reggie Williams886
0%
Points3Reggie Williams2,117
0%
Field Goal Percent2Roy Hibbert60.3%
0%
Blocks4Roy Hibbert259
0%
Rebounds10Roy Hibbert808
0%
GamesT5Roy Hibbert136
0%
Blocks5Ruben Boumtje-Boumtje255
0%
Points Per Game3Sleepy Floyd17.7
0%
Field Goal Percent10Sleepy Floyd49.6%
0%
Steals2Sleepy Floyd253
0%
Points1Sleepy Floyd2,304
0%
Points Per Game5Victor Page17.1
0%

Score Distribution

Percentile by Number Answered

Percent of People with Each Score

Your Score History

You have not taken this quiz since the last reset